• 首页
  • 本馆介绍
  • 公告通知
  • 最新文献
  • 馆藏检索
  • 电子资源
  • 读者导购
  • 参考咨询
  • 我的图书馆
  • 登录
  • 详细信息显示
  • 放入我的书架
  • 预约/预借图书
  • 作者相关作品
  • 分类相关作品
  • 丛书相关作品
  • 出版社相关作品

书目信息

  • 表格格式
  • 工作单格式
  • 卡片格式
题名:
国际商法
    
 
作者: 屈广清 主编
分册:  
出版信息: 大连   东北财经大学出版社  2011
页数: 294页
开本: 24cm
丛书名:
单 册:
中图分类: D996.1
科图分类:
主题词: 国际商法--高等学校--教材 , 国际商法
电子资源:
ISBN: 978-7-5654-0524-2
000 00942nam0 2200277 450
001 523
005 20140908111010.71
010    @a978-7-5654-0524-2@dCNY30.00
100    @a20120118d2011 em y0chiy50 ea
101 0  @achi
102    @aCN@b210000
105    @ay z 000yy
106    @ar
200 1  @a国际商法@AGuo Ji Shang Fa@dInternational business law@f屈广清主编@FQu Guang Qing Zhu Bian@zeng
205    @a3版
210    @a大连@c东北财经大学出版社@d2011
215    @a294页@d24cm
300    @a21世纪高等院校国际经济与贸易专业精品教材
330    @a本书包括国际商法概述、商事组织法、商事代理法、合同法、买卖法、票据法、产品责任法、电子商务法、商事争议与解决等十章内容。
510 1  @aInternational business law@zeng
606 0  @a国际商法@x高等学校@j教材
606 0  @a国际商法
690    @aD996.1@v5
701  0 @a屈广清@AQu Guang Qing@f(1963.8~)@4主编
801  0 @aCN@bTANGWEI@c20140603
905    @b0840671-73@dD996.1@e120=3@f3
    
    国际商法=International business law/屈广清主编.-3版.-大连:东北财经大学出版社,2011
    294页;24cm
    21世纪高等院校国际经济与贸易专业精品教材
    
    ISBN 978-7-5654-0524-2:CNY30.00
    本书包括国际商法概述、商事组织法、商事代理法、合同法、买卖法、票据法、产品责任法、电子商务法、商事争议与解决等十章内容。
●
相关链接 在E读中查询图书 在五车中查询图书 在当当中查询图书 在豆瓣中查询图书


正题名:国际商法     索取号:D996.1/120=3         预约/预借

序号 登录号 条形码 馆藏地/架位号 状态 备注
1 0840671   208406713   第一样本阅览室/ [索取号:D996.1/120=3] 在馆    
2 0840672   208406722   第一借阅区/ [索取号:D996.1/120=3] 在馆    
3 0840673   208406731   密集书库-史法系/ [索取号:D996.1/120=3] 在馆    
唐山师范学院图书馆 欢迎您!
大连网信软件有限公司© 版权所有